000 00483cam a22001337a 4500
008 180718b1995 xxu||||| |||| 00| 0 eng d
082 _aPROJ.REP. 1995/MIS
100 _aMisra, Girish K.
245 _aPublic-private sector interface and harmonization for urban development in the national context
_cby Girish K. Misra
260 _aNew Delhi
_bIndian Institute of Public Administration
_c1995
300 _a15p.
440 _aIIPA Working Paper, 1995: 3
650 _aUrban development
999 _c492302
_d492302